Fr. Conceicao Rodrigues College of Engineering

Non traditional Maching Processes C-NO: 244 (Record no. 21341)

MARC details
000 -LEADER
fixed length control field 00355nam a2200145Ia 4500
082 ## - DEWEY DECIMAL CLASSIFICATION NUMBER
Classification number 621.8
Item number AICTE
100 ## - MAIN ENTRY--PERSONAL NAME
Personal name AICTE
245 ## - TITLE STATEMENT
Title Non traditional Maching Processes C-NO: 244
260 ## - PUBLICATION, DISTRIBUTION, ETC.
Name of publisher, distributor, etc. Continuing Education Programmer AICTE
Place of publication, distribution, etc. Bangalore
Date of publication, distribution, etc. 1992
300 ## - PHYSICAL DESCRIPTION
Extent 241
546 ## - LANGUAGE NOTE
Language note ENGLISH
654 ## - SUBJECT ADDED ENTRY--FACETED TOPICAL TERMS
Focus term Maching Processes
942 ## - ADDED ENTRY ELEMENTS (KOHA)
Koha item type BOOK
Holdings
Withdrawn status Lost status Damaged status Not for loan Collection Home library Current library Date acquired Inventory number Total Checkouts Full call number Barcode Date last seen Price effective from Koha item type
        CRC Fr. Agnel's C.Rodrigues College of Engineering Fr. Agnel's C.Rodrigues College of Engineering 17/03/2023 186   621.8 AICTE 12011 17/03/2023 17/03/2023 BOOK
        CRC Fr. Agnel's C.Rodrigues College of Engineering Fr. Agnel's C.Rodrigues College of Engineering 17/03/2023     621.8 AICTE 12012 17/03/2023 17/03/2023 BOOK